| 000 | 00841cam a2200289 4500 | ||
|---|---|---|---|
| 001 | sa 68014390 | ||
| 003 | DLC | ||
| 005 | 20260227112631.0 | ||
| 008 | 700220s1968 ii b 000 0 eng | ||
| 010 | _asa 68014390 | ||
| 025 | _aPL480:I-E-10910 | ||
| 040 |
_aDLC _cDLC _dDLC |
||
| 043 | _aa-ii--- | ||
| 050 | 0 | 0 |
_aDS430 _b.G53 |
| 082 | 0 | 0 | _a309.1/54 |
| 100 | 1 |
_aGhurye, G. S. _q(Govind Sadashiv), _d1893-1983. |
|
| 245 | 1 | 0 |
_aSocial tensions in India _c[by] G. S. Ghurye. |
| 260 |
_aBombay, _bPopular Prakashan _c[1968] |
||
| 300 |
_axi, 552, [2] p. _c25 cm. |
||
| 350 | _a72.00 | ||
| 500 | _a"Theses by students of Dr. G. S. Ghurye": p. [553] | ||
| 504 | _aBibliographical footnotes. | ||
| 650 | 0 |
_aMuslims _zIndia. |
|
| 651 | 0 |
_aIndia _xSocial conditions. |
|
| 650 | 0 |
_aMinorities _zIndia. |
|
| 650 | 0 |
_aSocial conflict _zIndia. |
|
| 999 |
_c85748 _d85748 |
||